| 000 | 00879nam a2200241 a 4500 | ||
|---|---|---|---|
| 005 | 19820422000000.0 | ||
| 008 | 820422s1980 ii bcfj 000 0 eng | ||
| 010 | _aENG-92324 | ||
| 020 |
_c495.00 _a9788124114261 |
||
| 035 | _aEN-75857 | ||
| 037 | _bDBAD / PUB | ||
| 040 |
_adpl _bEnglish |
||
| 082 | _a613.7176 | ||
| 100 | _aKyndiah, P.R. | ||
| 245 |
_aWalk with me / _cby P.R. Kyndiah |
||
| 260 |
_bHar Anand Publications _c2008 _aNew Delhi |
||
| 270 |
_aE-49/3, Oklha Industrial Area, Phase-II, _bNew Delhi _e110020 |
||
| 300 |
_a92p.: _c21cm (pbk) _bcol., b&w photos |
||
| 650 | _aFitness walking. | ||
| 650 | _aPhysical fitness. | ||
| 942 |
_2ddc _cEN _mKYN _h613.7176 |
||
| 999 |
_c20445 _d20445 |
||